000 00363nam a2200145 i 4500
001 bg
100 1 _aTISCENKO, A. J.
245 0 _aSprawocnik mechanizatora sadochoda /
_cA.J. Tiscenko, Ja.Z. Zilickij.
260 _aMoskwa,
_c1972.
700 1 _aZILICKIJ, Ja. Z.
040 _cBPK
041 _apol
942 _cKS
008 s pl f |000 0 pol
999 _c15326
_d15326
856 _uhttp://koha.tu.koszalin.pl/cgi-bin/koha/opac-detail.pl?biblionumber=15326
_yKatalog online BPK